00409nam a2200169 a 450000100060000000300090000600800410001502000150005604000280007108200130009910000160011224500150012826000340014330000110017749000300018865000210021818804CO-ViMGA141112s2004 ck r 000 u spa d a8439703317 aCO-ViMGAbspacCO-ViMGA04a863 A4711 aAira, Cesar10aLa Mendiga aBarcelona : bMondadori; 2000 a166 p. aLiteratura Mondadori; 10614aNOVELA ARGENTINA